Movies with the word WATER in the title - Statistics

General Stats
  • This quiz has been taken 34 times
  • The average score is 4 of 16
Answer Stats
Film Title Actors Answer % Correct
The Water___ Adam Sandler, Kathy Bates The Waterboy
86%
Water_____ Kevin Costner, Jack Black Waterworld
86%
Water ___ _________ Reese Witherspoon, Robert Pattinson Water for Elephants
61%
____ in the Water Bryce Dallas Howard, Paul Giamatti Lady in the Water
36%
Like Water ___ _________ Marco Leonardi, Lumi Cavazes Like Water for Chocolate
25%
____ Water Jennifer Connely, Tim Roth Dark Water
21%
____ Water Tilda Swinton, Simon Russell Beale Deep Water
21%
The Water _______ Russell Crowe, Olga Kurylenko The Water Diviner
14%
Don't __ ____ the Water Eva Gabor, Glenn Ford Don't Go Near the Water
7%
____ ____ in Blue Water Gene Hackman, Trei Garr Full Moon in Blue Water
7%
____ _____ Water Cameron Diaz, Harvey Keitel Head Above Water
7%
White Water ______ Kevin Bacon, Sean Astin White Water Summer
7%
____ ___ Water Danny Devito, Melissa McCarthy Just Add Water
4%
____ Under Water Sarah Jessica Parker, Keanu Reeves Life Under Water
4%
_____ in the Water Mark Harmon, Joshua Jackson Magic in the Water
4%
Open Water 2: ______ Eric Dane, Cameron Richardson Open Water 2: Adrift
0%
No matching quizzes found
Score Distribution
Percent of People with Each Score
Percentile by Number Answered
Your Score History
You have not taken this quiz